| 000 | 01152nam a2200253 i 4500 | ||
|---|---|---|---|
| 001 | 123031 | ||
| 003 | ES-MaACL | ||
| 005 | 20250916194337.0 | ||
| 007 | t| | ||
| 008 | 070214s1915 sp r ||||0| spa d | ||
| 080 | _a75 Jáuregui, Juan de | ||
| 080 | _a929 Cervantes Saavedra, Miguel de (0:75) | ||
| 100 | 1 |
_aPuyol y Alonso, Julio, _d1865-1937 _994454 |
|
| 245 | 1 | 3 |
_aEl supuesto retrato de Cervantes : _bsospechas de falsedad que sugiere el atribuido a Jáuregui, propiedad de la Real Academia Española / _cpor Julio Puyol. |
| 260 |
_aMadrid : _b[s.n.], _c1915 ( _fImp. Clásica Española) |
||
| 300 |
_a39 p. ; _c25 cm. |
||
| 530 | _aDisponible en formato digital. | ||
| 600 | 1 | 7 |
_aJáuregui, Juan de, _d1583-1641. _t[Retrato de Miguel de Cervantes Saavedra] _2 _9161584 |
| 600 | 1 | 7 |
_aCervantes Saavedra, Miguel de, _d1547-1616- _xRetratos _2 _9161583 |
| 852 |
_aES-MaACL _jT-1477-F-1 |
||
| 856 |
_uhttp://bdh-rd.bne.es/viewer.vm?id=0000242121&page=1 _zBiblioteca Digital Hispánica |
||
| 856 |
_uhttps://bibliotecadigital.jcyl.es/es/consulta/registro.do?id=5687 _zBiblioteca Digital de Castilla y León |
||
| 999 |
_c123031 _d123031 |
||